| 000 | 00860njm a22002417a 4500 | ||
|---|---|---|---|
| 005 | 20100830154719.0 | ||
| 006 | a|||||r|||||00| 0 | ||
| 007 | sd ammalaaahaa | ||
| 008 | 100830t xxu||||| |||| 00| 0 eng d | ||
| 028 |
_aHT 83 _bHis Master Voice |
||
| 035 | _aGR-00007 | ||
| 035 | _a2MR 237 | ||
| 040 |
_aSED _cSED |
||
| 245 |
_aSarangi Darbari / _cSung by Bundu Khan _h[ sound recording] |
||
| 260 |
_aDum Dum India _bHis Master voice _cn.d. |
||
| 300 |
_a1 Sound disc [Gramophone recording] : _banalog,33 1/3 rpm _c9.5 in _fGramophone Recording |
||
| 500 | B | _aBrief record | |
| 505 | _aSarangi Malkosh (Bundu Khan) Sarangi Darbari | ||
| 650 |
_aClassical music _zIndia _917568 _xExcerpts |
||
| 700 |
_aBundu Khan _917569 |
||
| 942 |
_2ddc _cGR |
||
| 999 |
_c43161 _d43161 |
||